Schaum's outline of theory & problems of statistics (Record no. 7840)

000 -LEADER
fixed length control field 00549nam a2200205 4500
001 - CONTROL NUMBER
control field 7840
003 - CONTROL NUMBER IDENTIFIER
control field BD-DhUET
008 - FIXED-LENGTH DATA ELEMENTS--GENERAL INFORMATION
fixed length control field 141213b/xxu||||| |||| 00| 0 eng d
020 ## - INTERNATIONAL STANDARD BOOK NUMBER
International Standard Book Number 070602271
040 ## - CATALOGING SOURCE
Original cataloging agency DLC
Language of cataloging DLC
Transcribing agency BD-DhUET
082 ## - DEWEY DECIMAL CLASSIFICATION NUMBER
Classification number 519.9
Item number SPI/1961
100 ## - MAIN ENTRY--PERSONAL NAME
Personal name Spiegel , Murray R
245 ## - TITLE STATEMENT
Title Schaum's outline of theory & problems of statistics
250 ## - EDITION STATEMENT
Edition statement 1st ed.
260 ## - PUBLICATION, DISTRIBUTION, ETC. (IMPRINT)
Place of publication, distribution, etc. Singapore
Name of publisher, distributor, etc. McGraw Hill
Date of publication, distribution, etc. 1961
300 ## - PHYSICAL DESCRIPTION
Extent 359 p.
Other physical details ill.
Dimensions 27 cm.
490 ## - SERIES STATEMENT
Series statement Schaum's Outline Series
650 #0 - SUBJECT ADDED ENTRY--TOPICAL TERM
Topical term or geographic name as entry element Statistical mathematics
942 ## - ADDED ENTRY ELEMENTS (KOHA)
Koha item type General Book
Holdings
Koha date last seen Copy number Not for loan Damaged status Koha full call number Koha item type Lost status Sublocation or collection (holding branch) Koha date last borrowed Koha normalized classification for sorting Shelving location Source of classification or shelving scheme Date acquired Koha issues (times borrowed) Price effective from Piece designation (barcode) Location (home branch) Withdrawn status
2015-08-221  519.9/SPI/1961General Book Central Library, BUET 519_900000000000000_SPI_1961Circulation section 2014-12-13 2014-12-1325219Central Library, BUET 
2017-02-062  519.9/SPI/1961General Book Central Library, BUET 519_900000000000000_SPI_1961Circulation section 2014-12-13 2014-12-1366184Central Library, BUET 
2014-12-133  519.9/SPI/1961General Book Central Library, BUET 519_900000000000000_SPI_1961Circulation section 2014-12-13 2014-12-13345Central Library, BUET 
2015-08-015  519.9/SPI/1961General Book Central Library, BUET2015-08-01519_900000000000000_SPI_1961Circulation section 2014-12-1312014-12-1356483Central Library, BUET 
2014-12-136  519.9/SPI/1961General Book Central Library, BUET 519_900000000000000_SPI_1961Circulation section 2014-12-13 2014-12-1331847Central Library, BUET 
2014-12-137  519.9/SPI/1961General Book Central Library, BUET 519_900000000000000_SPI_1961Circulation section 2014-12-13 2014-12-1331828Central Library, BUET 
2014-12-138  519.9/SPI/1961General Book Central Library, BUET 519_900000000000000_SPI_1961Circulation section 2014-12-13 2014-12-1331843Central Library, BUET